UM Logo

Organization development/ (Record no. 5777)

MARC details
000 -LEADER
fixed length control field 00628nam a22002057a 4500
003 - CONTROL NUMBER IDENTIFIER
control field OSt
005 - DATE AND TIME OF LATEST TRANSACTION
control field 20230817111934.0
008 - FIXED-LENGTH DATA ELEMENTS--GENERAL INFORMATION
fixed length control field 161118b xxu||||| |||| 00| 0 eng d
020 ## - INTERNATIONAL STANDARD BOOK NUMBER
International Standard Book Number 978-971-9654-25-4
040 ## - CATALOGING SOURCE
Transcribing agency LIC
082 ## - DEWEY DECIMAL CLASSIFICATION NUMBER
Edition number 2016
Classification number DFil 658.406
Item number F663
100 ## - MAIN ENTRY--PERSONAL NAME
9 (RLIN) 17642
Personal name Flores, Marivic F.
245 ## - TITLE STATEMENT
Title Organization development/
Statement of responsibility, etc. Marivic F. Flores.
260 ## - PUBLICATION, DISTRIBUTION, ETC. (IMPRINT)
Place of publication, distribution, etc. Manila:
Name of publisher, distributor, etc. Unlimited Books Library Services & Publishing Inc.,
Date of publication, distribution, etc. c2016.
300 ## - PHYSICAL DESCRIPTION
Extent viii, 340 pages;
Dimensions 23 cm.
365 ## - TRADE PRICE
Price amount 530.00
Currency code Php
500 ## - GENERAL NOTE
General note Includes bibliographical references.
650 #0 - SUBJECT ADDED ENTRY--TOPICAL TERM
9 (RLIN) 17647
Topical term or geographic name as entry element Organizational change
942 ## - ADDED ENTRY ELEMENTS (KOHA)
Source of classification or shelving scheme Dewey Decimal Classification
Koha item type Filipiniana
Holdings
Withdrawn status Lost status Source of classification or shelving scheme Damaged status Not for loan Collection code Home library Current library Shelving location Date acquired Source of acquisition Total Checkouts Full call number Barcode Date last seen Date last checked out Copy number Cost, replacement price Price effective from Koha item type
    Dewey Decimal Classification     Filipiniana UM Digos College - LIC UM Digos College - LIC Book Cart 10/27/2016 Purchased 13 DFil 658.406 F663 2016 24591 05/15/2025 03/31/2021 1 530.00 11/18/2016 Filipiniana
    Dewey Decimal Classification     Filipiniana UM Digos College - LIC UM Digos College - LIC   08/16/2018 Purchased   DFil 658.406 F663 2016 25060 05/15/2025   2 530.00 08/29/2018 Filipiniana
    Dewey Decimal Classification     Filipiniana UM Digos College - LIC UM Digos College - LIC   08/16/2018 Purchased   DFil 658.406 F663 2016 25061 05/15/2025   3 530.00 08/29/2018 Filipiniana
    Dewey Decimal Classification     Filipiniana UM Digos College - LIC UM Digos College - LIC   02/16/2021 Purchased   DFil 658.406 F663 2016 26113 05/15/2025   4 530.00 04/19/2021 Filipiniana